000 01423nam a2200361 c 4500
001 7647
003 ES-MaCES
005 20141221121915.0
008 980815s1993 sp b o000 | spa d
024 7 _a251-94-051-7
_2nipo
035 _aCES19980078566m
040 _aES-MaCES
_bspa
_cES-MaCES
100 1 _aSánchez Martínez, José Domingo
_923288
245 1 3 _aLa política de repoblación forestal en España, siglos XIX y XX
_b: planteamientos, actuaciones y resultados, estado de la cuestión y recopilación bibliográfica
_cJosé Domingo Sánchez Martínez, Vicente José Gallego Simón
260 _aMadrid
_bMinisterio de Agricultura, Pesca y Alimentación, Centro de Publicaciones
_aJaén
_bUniversidad
_c1993
300 _a203 p.
_c30 cm
490 1 _aSerie Recopilaciones bibliográficas
_v10
500 _aÍndices
541 _cGratuito
650 4 _apolítica forestal
_927589
650 4 _aforestación
_929738
650 4 _aEspaña
_926964
650 4 _aS. XIX-XX
_930980
650 4 _abibliografía comentada
_928966
653 1 0 _aBibliografías
700 1 _aGallego Simón, Vicente José
_912640
710 1 _aEspaña
_bMinisterio de Agricultura, Pesca y Alimentación
_eed.
_93225
710 2 _aUniversidad de Jaén
_eed.
_95289
830 0 _aSerie Recopilaciones bibliográficas
_v10
_932457
902 _aLIB Libro
942 _2CES
_cBK
_h9.0.
999 _c7647
_d7647